LEADER 01057nam 2200361 450 001 9910317678003321 005 20221020114248.0 010 $a953-51-4112-0 010 $a953-51-2908-2 035 $a(CKB)4970000000099304 035 $a(NjHacI)994970000000099304 035 $a(EXLCZ)994970000000099304 100 $a20221020d2017 uy 0 101 0 $aeng 135 $aur||||||||||| 181 $ctxt$2rdacontent 182 $cc$2rdamedia 183 $acr$2rdacarrier 200 00$aRaman Spectroscopy and Applications /$fedited by Khan Maaz 210 1$a[Place of publication not identified] :$cIntechOpen,$d2017. 215 $a1 online resource (364 pages) 311 $a953-51-2907-4 320 $aIncludes bibliographical references and index. 606 $aRaman spectroscopy 615 0$aRaman spectroscopy. 676 $a535.846 702 $aMaaz$b Khan 801 0$bNjHacI 801 1$bNjHacl 906 $aBOOK 912 $a9910317678003321 996 $aRaman Spectroscopy and Applications$92191674 997 $aUNINA LEADER 00991nam a2200277 i 4500 001 991000817239707536 005 20020507173949.0 008 970310s1964 us ||| | eng 035 $ab10761317-39ule_inst 035 $aLE01302766$9ExL 040 $aDip.to Matematica$beng 082 0 $a515.352 084 $aAMS 34A 100 1 $aHochstadt, Harry$041411 245 10$aDifferential equations :$ba modern approach /$cHarry, Hochstadt 260 $aNew York :$bHolt, Rinehart and Winston,$cc1964 300 $aviii, 294 p. :$bdiagrs. ;$c24 cm 500 $aBibliography: p. 291-292 650 0$aDifferential equations 650 0$aOrdinary differential equations 907 $a.b10761317$b18-04-13$c28-06-02 912 $a991000817239707536 945 $aLE013 34A HOC11 (1964)$g1$i2013000078625$lle013$o-$pE0.00$q-$rl$s- $t0$u2$v0$w2$x0$y.i10856584$z28-06-02 996 $aDifferential equations$982389 997 $aUNISALENTO 998 $ale013$b01-01-97$cm$da $e-$feng$gus $h0$i1